000 00330nam a2200133Ia 4500
008 191201s2005 xx 000 0 und d
082 _a530
_bSIS
100 _aSinghal, R L
245 0 _aSolid State Physics
260 _aN.Delhi
_bKedar Nath Ram Nath and Co. Meerut
_c2005
300 _a476
650 _aApplied
942 _2ddc
_cBK
999 _c1280
_d1280